000 00350nam a2200169Ia 4500
100 _aValesky/Tom
650 _aJava
942 _cBK
366 _f15
654 _ajavabeans
245 _aEnterprise Javabeans
260 _bPearson Education
_aMumbai
_c1999
082 _a005.133J/VAL
_bVAL
300 _a324
546 _aENGLISH
999 _c20420
_d20420